|
|
|
|
| LEADER |
00000cam a2200000 c 4500 |
| 001 |
271833009 |
| 003 |
DE-627 |
| 005 |
20260206204025.0 |
| 007 |
tu |
| 008 |
960517s1996 gw ||||| m 00| ||ger c |
| 015 |
|
|
|a 96,N20,0220
|2 dnb
|
| 015 |
|
|
|a 96,H11,0398
|2 dnb
|
| 016 |
7 |
|
|a 947094652
|2 DE-101
|
| 020 |
|
|
|a 3631496729
|9 3-631-49672-9
|
| 035 |
|
|
|a (DE-627)271833009
|
| 035 |
|
|
|a (DE-603)049309943
|
| 035 |
|
|
|a (DE-576)052058565
|
| 035 |
|
|
|a (DE-599)GBV271833009
|
| 035 |
|
|
|a (OCoLC)243829927
|
| 035 |
|
|
|a (OCoLC)845162688
|
| 035 |
|
|
|a (OCoLC)39052761
|
| 040 |
|
|
|a DE-627
|b ger
|c DE-627
|e rakwb
|
| 041 |
|
|
|a ger
|
| 044 |
|
|
|c XA-DE
|c XA-CH
|c XD-US
|
| 050 |
|
0 |
|a KK8780
|
| 082 |
0 |
|
|a 345.43/02
|
| 082 |
0 |
|
|a 345.4302
|q LoC
|2 DDC21oclc
|
| 084 |
|
|
|a 19
|2 sdnb
|
| 084 |
|
|
|a PH 5150
|2 rvk
|0 (DE-625)rvk/136186:
|
| 084 |
|
|
|a PH 4730
|2 rvk
|0 (DE-625)rvk/136146:
|
| 084 |
|
|
|a 86.35
|2 bkl
|
| 100 |
1 |
|
|8 1\p
|a Junker, Martina
|d 1962-
|0 (DE-588)173006221
|0 (DE-627)697931498
|0 (DE-576)133859363
|4 aut
|
| 109 |
|
|
|a Junker, Martina 1962-
|
| 245 |
1 |
0 |
|a Analyse und Kritik der strafverfahrensrechtlichen Terrorismusgesetzgebung
|c Martina Junker
|
| 246 |
3 |
3 |
|a Strafverfahrensrechtliche Terrorismusgesetzgebung
|
| 263 |
|
|
|a brosch. : DM 95.00 (freier Pr.)
|
| 264 |
|
1 |
|a Frankfurt am Main
|a Berlin
|a Bern
|a New York
|a Paris
|a Wien
|b Lang
|c 1996
|
| 300 |
|
|
|a 321 S.
|b graph. Darst.
|
| 336 |
|
|
|a Text
|b txt
|2 rdacontent
|
| 337 |
|
|
|a ohne Hilfsmittel zu benutzen
|b n
|2 rdamedia
|
| 338 |
|
|
|a Band
|b nc
|2 rdacarrier
|
| 490 |
1 |
|
|a Europäische Hochschulschriften
|a Reihe 2, Rechtswissenschaft = Droit = Law
|v 1906
|
| 500 |
|
|
|a Literaturverz. S. 293 - 321
|
| 502 |
|
|
|a Zugl.: Saarbrücken, Univ., Diss., 1995
|
| 583 |
1 |
|
|a Archivierung prüfen
|c 20240324
|f DE-4165
|z 1
|2 pdager
|
| 583 |
1 |
|
|a Archivierung/Langzeitarchivierung gewährleistet
|c 20240722
|f NI-LastCopies
|x XA-DE-NI
|z Potenzieller Alleinbesitz Niedersachsen
|2 pdager
|5 DE-89
|
| 650 |
0 |
7 |
|0 (DE-588)4225831-5
|0 (DE-627)104976217
|0 (DE-576)210309377
|a Terroristische Vereinigung
|2 gnd
|
| 650 |
0 |
7 |
|0 (DE-588)4116635-8
|0 (DE-627)105805289
|0 (DE-576)209503211
|a Strafverfahrensrecht
|2 gnd
|
| 653 |
|
0 |
|a Terrorism
|a Germany
|
| 653 |
|
0 |
|a Criminal procedure
|a Germany
|
| 655 |
|
7 |
|a Hochschulschrift
|0 (DE-588)4113937-9
|0 (DE-627)105825778
|0 (DE-576)209480580
|2 gnd-content
|
| 689 |
0 |
0 |
|d s
|0 (DE-588)4225831-5
|0 (DE-627)104976217
|0 (DE-576)210309377
|a Terroristische Vereinigung
|2 gnd
|
| 689 |
0 |
1 |
|d s
|0 (DE-588)4116635-8
|0 (DE-627)105805289
|0 (DE-576)209503211
|a Strafverfahrensrecht
|2 gnd
|
| 689 |
0 |
|
|5 DE-101
|
| 751 |
|
|
|a Saarbrücken
|0 (DE-588)4076912-4
|0 (DE-627)106081616
|0 (DE-576)209203439
|4 uvp
|
| 830 |
|
0 |
|a Europäische Hochschulschriften
|n Reihe 2
|p Rechtswissenschaft
|v 1906
|9 1906
|w (DE-627)130134236
|w (DE-576)015671542
|w (DE-600)510544-4
|x 0531-7312
|7 am
|
| 883 |
|
|
|8 1\p
|a cgwrk
|d 20241001
|q DE-101
|u https://d-nb.info/provenance/plan#cgwrk
|
| 889 |
|
|
|w (DE-627)197978185
|
| 935 |
|
|
|i mdedup
|
| 935 |
|
|
|i Blocktest
|
| 936 |
r |
v |
|a PH 5150
|b Sonstige Einzeldarstellungen
|k Rechtswissenschaft
|k Strafrecht, Strafverfahrensrecht, Kriminologie
|k Strafverfahrensrecht
|k Sonstige Einzeldarstellungen
|0 (DE-627)1271954761
|0 (DE-625)rvk/136186:
|0 (DE-576)201954761
|
| 936 |
r |
v |
|a PH 4730
|b Komplexe Untersuchungen
|k Rechtswissenschaft
|k Strafrecht, Strafverfahrensrecht, Kriminologie
|k Strafverfahrensrecht
|k Allgemeines
|k Komplexe Untersuchungen
|0 (DE-627)1272081095
|0 (DE-625)rvk/136146:
|0 (DE-576)202081095
|
| 936 |
b |
k |
|a 86.35
|j Strafrecht: Besonderer Teil
|0 (DE-627)106416731
|
| 936 |
s |
n |
|a p100
|2 mzub
|
| 951 |
|
|
|a BO
|
| ELC |
|
|
|b 1
|
| LOK |
|
|
|0 000 xxxxxcx a22 zn 4500
|
| LOK |
|
|
|0 001 3120110841
|
| LOK |
|
|
|0 003 DE-627
|
| LOK |
|
|
|0 004 271833009
|
| LOK |
|
|
|0 005 20151116134938
|
| LOK |
|
|
|0 008 150728||||||||||||||||ger|||||||
|
| LOK |
|
|
|0 040
|a DE-21-110
|c DE-627
|d DE-21-110
|
| LOK |
|
|
|0 689
|a s
|a Terrorismus
|
| LOK |
|
|
|0 689
|a s
|a Strafverfahrensreform
|
| LOK |
|
|
|0 689
|a s
|a Terrorismusgesetzgebung
|
| LOK |
|
|
|0 852
|z Kein Bestand am IfK; Nachweis für KrimDok
|
| LOK |
|
|
|0 852
|a DE-21-110
|
| LOK |
|
|
|0 852 1
|9 00
|
| LOK |
|
|
|0 935
|a k110
|
| LOK |
|
|
|0 939
|a 28-07-15
|b l01
|
| ORI |
|
|
|a SA-MARC-krimdoka001.raw
|